Central Library OPAC University of Rajshahi

Robinson Crusoe / (Record no. 20893)

MARC details
000 -LEADER
fixed length control field 01269cam a2200373 a 4500
001 - CONTROL NUMBER
control field 20893
003 - CONTROL NUMBER IDENTIFIER
rucl marc code BD-RjUL
005 - DATE AND TIME OF LATEST TRANSACTION
control field 20211209000626.0
008 - FIXED-LENGTH DATA ELEMENTS--GENERAL INFORMATION
fixed length control field 140302r19521906nyua j 000 1 eng
035 ## - SYSTEM CONTROL NUMBER
System control number (BD-RjUL)20955
040 ## - CATALOGING SOURCE
Original cataloging agency DLC
Transcribing agency DLC
Description conventions dcrmb
Language of cataloging eng
Modifying agency BD-RjUL
041 ## - LANGUAGE CODE
Language code of text/sound track or separate title eng
082 ## - DEWEY DECIMAL CLASSIFICATION NUMBER
Classification number 823
Author mark and year DER
100 ## - MAIN ENTRY--PERSONAL NAME
Personal name Defoe, Daniel
9 (RLIN) 64523
245 00 - TITLE STATEMENT
Title Robinson Crusoe /
260 ## - PUBLICATION, DISTRIBUTION, ETC. (IMPRINT)
Place of publication, distribution, etc. New York :
Name of publisher, distributor, etc. McLoughlin Bros. & Co., publishers, N.Y.,
Date of publication, distribution, etc. 1906 [reprinted 1952]
300 ## - PHYSICAL DESCRIPTION
Pagination xv, 931 p. ;
Size 23 cm.
490 0# - SERIES STATEMENT
Series statement Aunt Matilda's series
500 ## - GENERAL NOTE
General note In verse.
General note Cover title.
General note Date of publication suggested by the American Antiquarian Society.
General note Publisher's advertisement on p. [4] of wrapper.
650 #0 - SUBJECT ADDED ENTRY--TOPICAL TERM
Topical term or geographic name as entry element Castaways
Form subdivision Juvenile poetry.
9 (RLIN) 64524
Topical term or geographic name as entry element Shipwreck survival
Form subdivision Juvenile poetry.
9 (RLIN) 64525
Topical term or geographic name as entry element Islands
Form subdivision Juvenile poetry.
9 (RLIN) 64526
Topical term or geographic name as entry element Atlantic Ocean
Form subdivision Juvenile poetry.
9 (RLIN) 64527
Topical term or geographic name as entry element Children's poetry, American.
9 (RLIN) 64528
700 1# - ADDED ENTRY--PERSONAL NAME
Personal name Defoe, Daniel,
Dates associated with a name 1661?-1731.
710 2# - ADDED ENTRY--CORPORATE NAME
Corporate name or jurisdiction name as entry element McLoughlin Bros., inc.,
Relator term publisher.
9 (RLIN) 64531
942 ## - ADDED ENTRY ELEMENTS (KOHA)
Source of classification or shelving scheme Dewey Decimal Classification
Koha item type Books
Holdings
Lost status Source of classification or shelving scheme Damaged status Not for loan Collection code Permanent Location Current Location Shelving location Date acquired Source of acquisition Cost, normal purchase price Total Checkouts Full call number Date last seen Copy number Koha item type
  Dewey Decimal Classification   Added to bundle Fiction Central Library, University of Rajshahi Central Library, University of Rajshahi Reading Room 07/09/1955 Black well 55.00   823 DER 1952 02/03/2014 C-1 Books